Capitales de l'Afrique - Quiz - Statistiques

Statistiques générales
  • Ce quiz a été pris 436 fois
  • Le résultat moyen est 33 sur 56
Réponses sur la Carte
Les réponses sont colorées sur une échelle allant du rouge au vert en fonction du pourcentage des utilisateurs qui les ont devinées à leur premier essai. Vous pouvez retrouver ces pourcentages ci-dessous.
 
Statistiques - réponses
Pays Capitale % Correct
Algérie Alger
98%
Égypte Le Caire
97%
Maroc Rabat
93%
Tunisie Tunis
93%
Afrique du Sud (législative) Le Cap
84%
Sénégal Dakar
81%
Djibouti Djibouti
77%
Mali Bamako
76%
République Démocratique du Congo Kinshasa
75%
Afrique du Sud (administrative) Pretoria
75%
Libye Tripoli
74%
Burkina Faso Ouagadougou
73%
Kenya Nairobi
72%
Cameroun Yaoundé
72%
République du Congo Brazzaville
71%
Madagascar Antananarivo
70%
Guinée-Bissau Bissau
68%
Sao Tomé-et-Principe Sao Tomé
65%
Côte d'Ivoire Yamoussoukro
63%
Gabon Libreville
62%
Éthiopie Addis-Abeba
60%
Soudan Khartoum
59%
Togo Lomé
59%
Guinée Conakry
58%
Sierra Leone Freetown
58%
Ghana Accra
57%
Angola Luanda
57%
Niger Niamey
54%
Mauritanie Nouakchott
54%
Maurice Port-Louis
54%
Nigeria Abuja
53%
Tchad Ndjamena
53%
Seychelles Victoria
53%
Somalie Mogadiscio
52%
Bénin Porto-Novo
51%
République Centrafricaine Bangui
50%
Cap-Vert Praia
50%
Mozambique Maputo
48%
Namibie Windhoek
48%
Gambie Banjul
47%
Botswana Gaborone
47%
Zimbabwe Harare
47%
Ouganda Kampala
46%
Rwanda Kigali
46%
Afrique du Sud (judiciaire) Bloemfontein
45%
Comores Moroni
44%
Érythrée Asmara
43%
Tanzanie Dodoma
43%
Zambie Lusaka
42%
Eswatini Mbabane
42%
Soudan du Sud Djouba
41%
Burundi Gitega
41%
Malawi Lilongwe
41%
Guinée Équatoriale Malabo
39%
Liberia Monrovia
39%
Lesotho Maseru
34%
Aucun quiz correspondant
Distribution des résultats
% des personnes avec chaque résultat
Percentile par nombre de réponses
Votre historique - résultats
Vous n’avez pas pris ce quiz